000 00425nam a2200157Ia 4500
008 160316s1988 xxu||||| |||| 00| 0 eng d
082 _a923.200000
_bRAJ
100 _aRajaratnam T W
245 _aA judiciary in crises (The trial of Zulfilcar Ali Bhutto)
250 _a
260 _aMadras
_bKanthalakam
_c1988
300 _a142p.
_b20 cm
_cviii
365 _bRs.60
650 _a1.Bhutto,Zultikar Ali -Trial
700 _a
_a
999 _c1267
_d1267